Phát triển mô hình phân phối sản phẩm nông sản hữu cơ tại Việt Nam

Nội dung sách giới thiệu tổng quan về mô hình phân phối sản phẩm nông sản hữu cơ. Thực trang phát triển mô hình phân phối sản phẩm nông sản hữu cơ tại VN giai đoạn 2012 - 2017. Gải pháp phát triển mô hình phân phối sản phẩm nông sản hữu co...

Full beskrivning

Sparad:
Bibliografiska uppgifter
Huvudupphovsman: Trịnh, Thị Thanh Thủy
Materialtyp: Bok
Språk:Undetermined
Publicerad: Hà Nội Công thương 2018
Ämnen:
Taggar: Lägg till en tagg
Inga taggar, Lägg till första taggen!
Thư viện lưu trữ: Trung tâm Học liệu Trường Đại học Cần Thơ
LEADER 01121nam a2200205Ia 4500
001 CTU_233299
008 210402s9999 xx 000 0 und d
082 |a 338.1 
082 |b Th523 
100 |a Trịnh, Thị Thanh Thủy 
245 0 |a Phát triển mô hình phân phối sản phẩm nông sản hữu cơ tại Việt Nam 
245 0 |c Trịnh Thị Thanh Thủy (chủ biên), Đặng Thanh Phương, Vũ Thúy Vinh 
260 |a Hà Nội 
260 |b Công thương 
260 |c 2018 
520 |a Nội dung sách giới thiệu tổng quan về mô hình phân phối sản phẩm nông sản hữu cơ. Thực trang phát triển mô hình phân phối sản phẩm nông sản hữu cơ tại VN giai đoạn 2012 - 2017. Gải pháp phát triển mô hình phân phối sản phẩm nông sản hữu cơ tại VN đến năn 2025. 
650 |a Nông nghiệp,Agriculture 
650 |x Khía cạnh kinh tế,Economic aspects 
910 |b dqhieu 
980 |a Trung tâm Học liệu Trường Đại học Cần Thơ